000
00288nam a22001217a 4500
040
_c
SK
082
_a
338
100
_a
ស្រី សំណិត
245
_a
ស្ថិតិអប់រំកសិកម្ម
260
_a
RUA
_b
ស្រី
_c
1999
300
_a
78p.
942
_c
KB
999
_c
9422
_d
9422